<The> Nation-State, Globalization and the Future of Global Politics

Salvato in:
Dettagli Bibliografici
Autore principale: Kucharčík, Rudolf, 1977-
Altri autori: Tamene, Getnet
Natura: Capitolo di libro
Lingua:inglese
Soggetti:
Tags: Aggiungi Tag
Nessun Tag, puoi essere il primo ad aggiungerne!!

MARC

LEADER 00000naa a2200000 4500
001 0184260
005 20240502083435.6
041 0 |a eng 
044 |a GB 
245 1 0 |a <The> Nation-State, Globalization and the Future of Global Politics  |c Rudolf Kucharčík, Getnet Tamene 
610 2 0 |a globalizácia 
610 2 0 |a politika medzinárodná 
610 2 0 |a politika zahraničná 
610 2 0 |a vzťahy politické medzinárodné 
610 2 0 |a vzťahy zahraničné 
100 1 |a Kucharčík, Rudolf, 1977- 
700 1 |a Tamene, Getnet